|
|
|
|
| LEADER |
00000cam a2200000 a 4500 |
| 001 |
vtls001483210 |
| 003 |
SK-MaSNL |
| 005 |
20260301230855.0 |
| 008 |
240226s1999 xo l f a 100 0 slo |
| 020 |
|
|
|a 8085418401
|q (brož.)
|
| 035 |
|
|
|a SNK000438505
|
| 035 |
|
|
|a urn:nbn:sk:snk-amjrvi
|
| 035 |
|
|
|a urn:nbn:sk:snk:ar-a0bri5
|
| 035 |
|
|
|a 9b5af6c3-9cce-4f78-8a59-c6510a88bca2
|
| 040 |
|
|
|a SNK
|b slo
|c SNK
|e AACR2
|
| 041 |
0 |
|
|a slo
|
| 044 |
|
|
|a xo
|c SK
|
| 072 |
|
7 |
|a 656.1/.5
|x Pozemná doprava
|2 konspekt
|
| 080 |
|
|
|a 656.1
|2 1997
|
| 080 |
|
|
|a 656.073.436
|2 1997
|
| 080 |
|
|
|a 656. 025.4
|2 1997
|
| 080 |
|
|
|a (036)
|2 1997
|
| 080 |
|
|
|a 614.31
|2 1997
|
| 111 |
2 |
|
|a Preprava nebezpečných a skaziteľných vecí - ADR, ATP 99
|d (1999 :
|c Nitra, Slovensko)
|9 622271
|
| 245 |
1 |
0 |
|a Preprava nebezpečných a skaziteľných vecí - ADR, ATP 99
|b zborník prednášok : Nitra, 7.-8. september 1999
|
| 246 |
3 |
1 |
|a Transportation of Dangerous Goods and Perishable Foodstuffs
|
| 250 |
|
|
|a [1. vyd.]
|
| 260 |
|
|
|a Žilina
|b Wettrans
|c 1999
|
| 300 |
|
|
|a 89 s.
|b sch.
|c 30 cm
|
| 500 |
|
|
|a Súbežný názov angl.
|
| 650 |
0 |
7 |
|a cestná doprava
|2 SNKPH
|9 1776
|
| 650 |
0 |
7 |
|a preprava nebezpečného nákladu
|2 SNKPH
|9 69650
|
| 650 |
0 |
7 |
|a preprava tovaru
|2 SNKPH
|9 31438
|
| 650 |
0 |
7 |
|a skaziteľné potraviny
|2 SNKPH
|9 622272
|
| 655 |
|
7 |
|a zborníky konferencií
|2 SNKPH
|9 70153
|
| 655 |
|
7 |
|a issue_zb
|2 SNK
|9 276493
|
| 919 |
|
|
|a 80-85418-40-1
|
| 954 |
|
|
|a odborná, vedecká literatúra pôvodná (slovenská)
|2 lita
|
| 958 |
|
|
|a ART
|
| 958 |
|
|
|a OND
|
| 999 |
|
|
|c 956366
|d 958296
|
| 952 |
|
|
|t P60, <03>, [BOOK], {603}, -K-
|a SNK
|b SNK
|y PREZ
|7 0
|p 17A0444812
|o snkSB 69382
|i snkD 1139/2004
|8 1
|0 0
|1 0
|4 0
|d 2004-10-08
|f 1
|l 0
|r 2025-04-23 00:00:00
|w 2026-02-24
|
| 952 |
|
|
|t P60, <04>, [BOOK], {604}
|a SNK
|b SNK
|y VYP
|7 0
|p 17A0444813
|o snkSB 69382 D1
|i snkD 1140/2004
|0 0
|1 0
|4 0
|d 2004-10-08
|l 0
|r 2005-01-02 00:00:00
|w 2026-02-24
|